00710nam a2200193 a 450000500170000000800410001702000180005805000260007610000100010224500320011226000370014430000160018144000330019752000830023065000440031365000240035799900190038195201160040020140412111240.0010425s19uu xx 00 eng d a0-06-445083-X aTR(GS 612.8bA44 1989 aAliki aMy five senses /cby Aliki. aNew York :bHarperTrophy,c1989. a31p. ; ill. aLet's-read-and-find-out book aA simple presentation of the five senses, demonstrating some ways we use them. aSense and sensation-Juvenile literature aSense and sensation c102685d102685 001040aELbELcTRd2001-04-25eLib. Fundl0oTR(GS 612.8 A44 1989pE2504r2014-04-12 00:00:00w2014-04-12yBK